=LDR 00000nam 2200000 4500 =001 INLIS000000000039493 =990 ##$$a 21400518/BPAP-NTB/2014 =005 20130612145123 =008 ***********************************Ind** =035 ##$$a0010-061300000039493 =041 ##$$a Ind =082 ##$$a 650.1 =090 ##$$a 650.1, San m =100 ##$$a Sanjaya,Wisnu =245 ##$$a Membangun Kerajaan Bisnis Online, Tuntunan Praktis Menjadi Pebisnis Online Ulung, Wisnu Sanjaya =260 ##$$a 2009 $b Jakarta =300 ##$$a ix, 415 hlm, Ilus, 23 cm =650 ##$$a Bisnis =850 ##$$a NBPNMAT =990 ##$$a 21400518/BPAP-NTB/2014